000 00381nam a22001577a 4500
003 MPLRDC
005 20220104114142.0
008 210129b ||||| |||| 00| 0 eng d
082 _a782.886 ZXL-8
100 _a司马桑敦
245 _a张学良秘史
_c
260 _a
_b金兰文化出版社
_c1990
300 _b
650 _a张学良传记
942 _cBK
_o782.886 ZXL-8
999 _c5235
_d5225